Manual de educación democrática : segundo año /
Guardado en:
| Autor Principal: | |
|---|---|
| Formato: | Libro |
| Publicado: |
Buenos Aires :
Itinerarium,
1965.
|
| Edición: | 15a. ed. |
| Materias: | |
| Etiquetas: |
Agregar Etiqueta
Sin Etiquetas, Sea el primero en etiquetar este registro!
|
| LEADER | 00616nam a22002175a 4500 | ||
|---|---|---|---|
| 001 | CEM.cems006772 | ||
| 005 | 20060214000000.0 | ||
| 008 | 130507s1965##################000#0#####d | ||
| 003 | CEMS | ||
| 082 | 0 | 4 | |a 320 |
| 100 | 1 | |a Zuretti, Juan Carlos | |
| 245 | 1 | 0 | |a Manual de educación democrática : |b segundo año / |
| 250 | |a 15a. ed. | ||
| 260 | |a Buenos Aires : |b Itinerarium, |c 1965. | ||
| 300 | |a 179 p. | ||
| 653 | |a Antidemocracia | ||
| 653 | |a Democracia | ||
| 653 | |a Democracia-historia | ||
| 653 | |a Educacion civica 2do. año | ||
| 653 | |a Federalismo | ||
| 859 | |a CEMS |b BIB. CEMS - 11 de abril |h 320 |i Z87a15 |p 8682.81 |t Ej.1 | ||
